000 01329nam a22002777a 4500
001 EPSA 0250
003 gtcocun
005 20250918185913.0
006 a||||gr|||| 00| 0
007 ta
008 250918b2023 gt ||||| m||| 00| 0 eng d
040 _agtcocun
_bSPA
_cgtcocun
_eRDA
041 _aSPA EPSA 0250
084 _0EPSA 0250
100 _aTeyul Ac, Ruby Ix-Anahté Quetzalli
_eAutor
245 _aINFORME FINAL DEL EJERCICIO PROFESIONAL SUPERVISADO REALIZADO EN DESPENSA SUPER MAX, COBÁN, ALTA VERAPAZ./
_cRuby Ix-Anahté Quetzalli Teyul Ac.
_hImpreso
264 _aCobán, Alta Verapaz:
_bUniversidad de San Carlos de Guatemala, Centro Universitario del Norte, Licenciatura en Administración de Empresas
_c2023
300 _a49 p.:
_bIlustraciones, gráficas.
_c28 cm;
502 _eEPSA 0250
502 _aEjercicio Profesional Supervisado
_bLicenciatura en Administración de Empresas,
_cUniversidad de San Carlos de Guatemala, Centro Universitario del Norte, Licenciatura en Administración de Empresas
_d2023
_oEPSA 0250
650 1 4 _2LEMB
_aCobán, Alta Verapaz
_xAdministración
_xDespensa
_xLicores
_xRiesgos laborales
_xSeguridad
700 _eAsesor
856 _uSin archivo en línea.
_zSin archivo en línea.
942 _2ddc
_cTES
_iEPSA 0250
_kClasificación
_n0
_6EPSA_0250_000000000000000
999 _c1962
_d1962